Der Ackermann und der Tod: Humanismus in Böhmen : Johannes von Saaz und seine Zeit /

Korporativní autor: Förderverein der Stadt Saaz/Žatec
Další autoři: Kalckhoff, Andreas, 1944-2022, Löbl, Otokar, 1950-, Šimáček, Petr, Ackermann-Gemeinde Hessen
Jazyk: Němčina
Vydáno: Frankfurt am Main : Förderverein der Stadt Saaz/Žatec e.V. mit der Ackermann-Gemeinde Hessen e.V., 2022
Témata:
Fyzický popis: 45 stran : ilustrace (převážně barevné), faksimile ; 30 cm
Knihy
Uloženo v:
LEADER 02820nam a2200637 i 4500
001 001832195
003 CZ BrMZK
005 20220906100224.0
007 ta
008 220823s2022 gw ah e c 000 0dger
020 |a 978-3-00-072405-3  |q (brožováno) 
040 |a BOA001  |b cze  |e rda 
043 |a e-xr--- 
045 |a s-s- 
072 7 |a 821.112.2.09  |x Německá literatura, německy psaná (o ní)  |2 Konspekt  |9 11 
080 |a 003.053-051  |2 MRF 
080 |a 165.742-051  |2 MRF 
080 |a 821.112.2-3  |2 MRF 
080 |a 82-3"04/14"  |2 MRF 
080 |a 27-186  |2 MRF 
080 |a 82:7.04  |2 MRF 
080 |a 930.85"13/15"  |2 MRF 
080 |a (437.3)  |2 MRF 
080 |a (083.824)  |2 MRF 
245 0 4 |a Der Ackermann und der Tod: Humanismus in Böhmen :  |b Johannes von Saaz und seine Zeit /  |c eine Ausstellung von Andreas Kalckhoff unter Mitarbeit von Otokar Löbl und Petr Šimáček = Oráč a smrt: humanismus v Čechách : Jan ze Žatce a jeho doba / výstava Andrease Kalckhoffa za spolupráce Otokar Löbla a Petra Šimáčka 
246 3 0 |a Johannes von Saaz und seine Zeit 
246 3 0 |a Jan ze Žatce a jeho doba 
246 3 1 |a Oráč a smrt: humanismus v Čechách 
264 1 |a Frankfurt am Main :  |b Förderverein der Stadt Saaz/Žatec e.V. mit der Ackermann-Gemeinde Hessen e.V.,  |c 2022 
300 |a 45 stran :  |b ilustrace (převážně barevné), faksimile ;  |c 30 cm 
336 |a text  |b txt  |2 rdacontent 
337 |a bez média  |b n  |2 rdamedia 
338 |a svazek  |b nc  |2 rdacarrier 
500 |a Obálkový podnázev: Ausstellungskatalog = katalog výstavy 
504 |a Obsahuje bibliografii 
600 0 7 |a Jan ze Žatce,  |d asi 1360-asi 1414  |7 jn19981001537 
600 0 7 |a Jan ze Žatce,  |d asi 1360-asi 1414.  |7 aun2006372335  |t Ackermann aus Böhmen 
648 7 |a 14.-15. století  |7 ch460617 
648 7 |a 15. století  |7 ch460553 
650 0 7 |a písaři  |7 ph124865  |z Česko  |y 14.-15. století  |2 czenas 
650 0 7 |a humanisté  |7 ph120942  |z Česko  |y 14.-15. století  |2 czenas 
650 0 7 |a německy psaná próza  |7 ph123466  |z Česko  |y 15. století  |2 czenas 
650 0 7 |a středověká próza  |7 ph172942  |z Česko  |y 15. století  |2 czenas 
650 0 7 |a smrt  |7 ph116193  |2 czenas 
650 0 7 |a literární náměty  |7 ph138213  |2 czenas 
650 0 7 |a humanismus  |7 ph120939  |y 15. století  |2 czenas 
655 7 |a katalogy výstav  |7 fd132536  |2 czenas 
700 1 |a Kalckhoff, Andreas,  |d 1944-2022  |7 xx0168181  |4 wfw 
700 1 |a Löbl, Otokar,  |d 1950-  |7 xx0168182  |4 ctb 
700 1 |a Šimáček, Petr  |4 ctb 
710 2 |a Förderverein der Stadt Saaz/Žatec  |7 mzk20221160857  |4 orm  |4 isb 
710 2 |a Ackermann-Gemeinde Hessen  |7 mzk20221160956  |4 orm 
910 |a BOA001  |b 4-1493.202 
990 |a BK 
991 |b 202209  |c NOV 
996 7 |b 2610912814  |c 4-1493.202  |l MZK  |r Sklad / do 1 hodiny  |n 4  |p dar  |w 001897365  |u 000010  |a 1  |e BOA001  |j MZK50  |s A